| 000 | 01147nam0a22002411 4500 | ||
|---|---|---|---|
| 001 | rc\2686683 | ||
| 005 | 20260408015224.0 | ||
| 035 | _a(NLR Aleph) 006814993 | ||
| 090 |
_a6383341 _c6383341 |
||
| 100 | _a20110915d1933 |||y0rusy50 ca | ||
| 101 | 0 | _arus | |
| 102 | _aRU | ||
| 105 | _ay z ||||| | ||
| 200 | 1 |
_aВсем работникам и активу органов юстиции Северного Кавказа и Нижней Волги _eСоцсоревнование на лучшую работу по уборке урожая, досрочному выполнению плана хлебосдачи и по участию во всес. конкурсе на лучший сельсовет |
|
| 210 |
_aРостов-на-Дону _cСев. Кавказ _d1933 _gтип. им. Стачки 1902 г. |
||
| 215 |
_a11 с. _d18х12 см. |
||
| 710 | 0 | 2 |
_aСеверо-Кавказский краевой суд _3RU\NLR\AUTH\8810178381 _9852889 |
| 712 | 0 | 1 |
_aНижне-Волжский край _bКраевой суд |
| 801 | 0 |
_aRU _bNLR _gpsbo |
|
| 801 | 1 |
_aRU _bELAR _2rusmarc |
|
| 852 |
_aNLR _j34-9/209 |
||
| 942 | _cBOOK | ||
| 980 | _aNB | ||